| 000 | 00628cab a2200169 4500 | ||
|---|---|---|---|
| 001 | ##L131421 | ||
| 008 | 050727n2005 000 0 eng u | ||
| 035 | _a(Sirsi) u131421 | ||
| 041 | 0 | _aeng | |
| 245 | 0 | 0 | _aAuction yields hit lowest-ever level |
| 260 | _c2005 | ||
| 490 | 0 |
_aProperty Week _v70(42) 21 October 2005, 21(1) |
|
| 520 | _aAccording to the latest figures produced by the Auctions Results Analysis Service, yields for the third quarter of 2005 fell to their lowest ever level. Graph and table. | ||
| 590 | _aIKA081105 | ||
| 690 | _aPROPERTY-COMMERCIAL PROPERTY-AUCTIONEERING COMMERCIAL PROPERTY | ||
| 942 | _n0 | ||
| 999 |
_c104755 _d104755 |
||